Statistics for Guess the Footballer Nation 2

Click here to take the quiz!

General Stats

  • This quiz has been taken 43 times
  • The average score is 11 of 19

Answer Stats

PlayerNation% Correct
Riyad MahrezAlgeria
100%
David AlabaAustria
90%
James RodriguezColombia
83%
Henrikh MkhitaryanArmenia
80%
Miralem PjanicBosnia-Herzegovina
80%
Joel MatipCameroon
80%
Keylor NavasCosta Rica
80%
Brad JonesAustralia
77%
Elseid HysajAlbania
67%
Atiba HutchinsonCanada
63%
Ivelin PopovBulgaria
57%
Delvin N'DingaCongo
47%
Renan BressanBelarus
43%
Bertrand TraoreBurkina Faso
40%
Steve MounieBenin
33%
BastosAngola
30%
Ze LuisCape Verde Islands
27%
Yannick BolasieDR Congo
27%
Casimir NingaChad
20%

Score Distribution

Percentile by Number Answered

Percent of People with Each Score

Your Score History

You have not taken this quiz